00914nam a22002657a 45000010005000000030006000050050017000110080041000280200018000690400029000870500009001160820011001251000018001362450040001542600042001943000058002365050008002945200092003025210028003945210019004226500039004419420015004809990015004959520138005107440FISKH20250716092112.0250716b cb ||||| |||| 00| 0 eng d a9780478029253 aFISKHbengcFISKHdFISKH aPZ7  a428.62 aBuxton, Jane  aThe changing land /cby Jane Buxton aWellington : bLearning Media,c1996. a12 unnumbered pages : bcolor illustrations ; c19 cm aaa  aA simple discussion of different forces which can change the physical form of the land.8 a30 bLexile Estiamte 8 aaa bRaz-Plus  aNature vNon-fiction xRed Science 2ddccBKn0 c7440d7440 00102ddc40708NFICa001b001cTK Green 7-57-60d2025-07-16l0oBUX 428.62 PZ7 pFISBK06289r2025-07-16 09:21:10t1w2025-07-16yBK